| 000 | 01017cad a22002415a 4500 | ||
|---|---|---|---|
| 001 | E150317 | ||
| 008 | 100628e20100618xxka f s000 0 eng d | ||
| 035 | _a(Sirsi) u150317 | ||
| 041 | 0 | _aeng | |
| 100 | 1 | _aEdwards, Tom | |
| 245 | 0 | 4 |
_aThe Wildlife and Natural Environment (Scotland) Bill _h[electronic resource] |
| 260 |
_aEdinburgh _bScottish Parliament _c2010 |
||
| 490 | 0 |
_aSPICe Briefing _v(10/39) 18 June 2010 |
|
| 520 | _aSets out the background to, and main provisions of, the Wildlife and Natural Environment (Scotland) Bill. Also discusses the proposals contained in the Government consultation of June 2009 (see E147907). | ||
| 521 | _aAdvanced | ||
| 590 | _aKA | ||
| 651 | 4 |
_aScotland _y1999- |
|
| 690 | _aENVIRONMENTAL AND LAND CONSULTANCY-ENVIRONMENTAL MANAGEMENT | ||
| 700 | 1 | _aKenyon, Wendy | |
| 700 | 1 | _aStreet, Lorna | |
| 856 | 4 | 0 |
_uhttps://www.scottish.parliament.uk/business/research/briefings-10/SB10-39.pdf _zView the briefing free of charge at www.scottish.parliament.uk |
| 942 | _n0 | ||
| 999 |
_c110824 _d110824 |
||